01405 a2200205 45000010006000000050017000060080041000230030015000640400040000790800062001192450059001810200018002402640034002583000023002925050716003150410008010311000020010397000041010598560099011004978620260407155759.0260407a1998 arg spa dAR-UNSa-BCEJYS aAR-UNSa-BCEJYSbspacAR-UNSa-BCEJYS a504.054xEfectos de materiales nocivos. Contaminación 10aIngeniería de control de la contaminación del aire a970-10-1682-3 1aMéxico :bMcGraw-Hillc1998 axx, 546 p.c24 cm. a1. Introducción al control de la contaminación del aire - 2. Efectos de la contaminación del aire - 3. Leyes y reglamentaciones acerca del control de la contaminación del aire, filosofías del control de la contaminación del aire - 4. Mediciones de la contaminación del aire, estimaciones de las emisiones - 5. Meteorología para los ingenieros en control de la contaminación del aire - 6. Modelos de concentración de los contaminantes del aire - 7. Naturaleza de los contaminantes en partículas - 8. Control de los óxidos de azufre - 9. Control de los óxidos de nitrógeno - 10. El problema de los vehículos de motor - 11. Contaminantes del aire y el clima global - 12. Otros temas.  aspa1 aNevers, Noel de1 aPérez Castellanos, José Hernán41uhttps://www.biblioeco.unsa.edu.ar/pmb/images/libros/L128178.jpgyImagen de portadaqimage/jpeg